"A propos d'un etat-Limite du cosmos ovidien dans les ""Metamorphoses""" (Record n. 40472)
[ formato base ]
| 000 -LEADER | |
|---|---|
| fixed length control field | 00920nam a2200301Ia 4500 |
| 001 - CONTROL NUMBER | |
| control field | 14490 |
| 003 - CONTROL NUMBER IDENTIFIER | |
| control field | IT-RoPAU |
| 008 - FIXED-LENGTH DATA ELEMENTS--GENERAL INFORMATION | |
| fixed length control field | 130308s9999 xx 000 0 und d |
| 040 ## - CATALOGING SOURCE | |
| Original cataloging agency | IT-RoPAU |
| 040 ## - CATALOGING SOURCE | |
| Transcribing agency | IT-RoPAU |
| 041 ## - LANGUAGE CODE | |
| Language code of text/sound track or separate title | FRANCESE |
| 999 ## - SYSTEM CONTROL NUMBERS (KOHA) | |
| Koha Dewey Subclass [OBSOLETE] | SI |
| 100 ## - MAIN ENTRY--PERSONAL NAME | |
| Personal name | Dinu Mihai |
| 100 ## - MAIN ENTRY--PERSONAL NAME | |
| Miscellaneous information | Codice Aut. SPICS: 10331 |
| 245 ## - TITLE STATEMENT | |
| Title | "A propos d'un etat-Limite du cosmos ovidien dans les ""Metamorphoses""" |
| 245 ## - TITLE STATEMENT | |
| Remainder of title | Semiotique Formelle Du folklore (La)-Approche Linguistico-Mathematique |
| 250 ## - EDITION STATEMENT | |
| Edition statement | 1a ed. |
| 260 ## - PUBLICATION, DISTRIBUTION, ETC. (IMPRINT) | |
| Place of publication, distribution, etc. | PARIS |
| 260 ## - PUBLICATION, DISTRIBUTION, ETC. (IMPRINT) | |
| Name of publisher, distributor, etc. | Klincksieck |
| 260 ## - PUBLICATION, DISTRIBUTION, ETC. (IMPRINT) | |
| Date of publication, distribution, etc. | 1978 [1° Ed.:1978 - Ed.Ling.Originale:1978] |
| 300 ## - PHYSICAL DESCRIPTION | |
| Extent | "13 p. (prefazione: no ; testo: 13 [pagine: 245-257])" |
| 500 ## - GENERAL NOTE | |
| General note | "Metamorfosi e genealogie Mitiche Stato limite del cosmo Ovidiano nelle ""Metamorfosi""" |
| 650 ## - SUBJECT ADDED ENTRY--TOPICAL TERM | |
| Topical term or geographic name as entry element | SEMIOLOGIA |
| 650 ## - SUBJECT ADDED ENTRY--TOPICAL TERM | |
| Relator term | Codice materia Spics: 3251 |
| 942 ## - ADDED ENTRY ELEMENTS (KOHA) | |
| Koha item type | LIBRO |
| 957 ## - | |
| -- | 1 |
| 999 ## - SYSTEM CONTROL NUMBERS (KOHA) | |
| -- | 1 |
| Withdrawn status | Lost status | Damaged status | Not for loan | Home library | Current library | Date acquired | Total Checkouts | Full call number | Date last seen | Price effective from | Koha item type | Public note |
|---|---|---|---|---|---|---|---|---|---|---|---|---|
| Buone Condizioni | Not For Loan | SPICS-MEDIATECA | SPICS-MEDIATECA | 08/03/2013 | 14490 | 08/03/2013 | 08/03/2013 | LIBRO | Progressivo inserimento: 4808 / N. Volumi: 0 [=Contributo] Copie: 1 Copia Rara: SI / data import: 1 marzo 2013 - By Epidotti, Trombetti, Vaglietti. |